| 000 | 00574nam a22002297a 4500 | ||
|---|---|---|---|
| 003 | OSt | ||
| 005 | 20180116182958.0 | ||
| 008 | 140617b xxu||||| |||| 00| 0 eng d | ||
| 020 | _a9780566088230 | ||
| 022 | _a9780566088230 | ||
| 040 | _c0 | ||
| 050 | _a658.3 | ||
| 082 | _a658.3 | ||
| 100 | _aRickard,Cat | ||
| 245 |
_aGoing Global. _bManaging the HR Function Across Countries and Cultures. _cCat Rickard |
||
| 260 |
_aUK _bGOWER _c2009 |
||
| 300 | _a108p. | ||
| 500 | _aPaper Cover | ||
| 600 | _aRickard,Cat | ||
| 700 | _aRickard,Cat | ||
| 942 |
_2ddc _cBK _k658.3 |
||
| 999 |
_c349725 _d349725 |
||